| 000 | 00698nam a2200217 a 4500 | ||
|---|---|---|---|
| 001 | BRL_321 | ||
| 005 | 20190320210702.0 | ||
| 008 | 290713m19641965mx-a######---#000-0#spa-# | ||
| 041 | _aspa | ||
| 044 | _amx | ||
| 050 | 4 |
_aND588.R8 _b.O27 1964 |
|
| 245 | 1 | 0 |
_aLa obra del pintor alemán Johann Moritz Rugendas (1802-1858) _bdurante su estancia en México (1831-1834). |
| 260 |
_aMéxico _b[Museo Nacional de Historia : INAH] _c[1964-1965] |
||
| 300 |
_a20 reproducciones _bil. a color _c25 cm. |
||
| 500 | _aAu2330 | ||
| 504 | _aIncluye bibliografía | ||
| 600 | 1 | 4 |
_aRugendas, Johann Moritz _d1802-1858 _9795 |
| 651 | 4 |
_aMéxico _vExposiciones _xEn el arte _92334 |
|
| 902 | _aGRL | ||
| 942 |
_2lcc _cB |
||
| 999 |
_c9134 _d9134 |
||